000 00798nam a2200193 i 4500
001 151924
003 ES-MaACL
005 20250814031825.0
008 051006s1880 gw | |||||||| ||ger d
040 _aCAM
_bspa
_cCAM
100 1 _aBergel, Joseph.
_927947
245 1 0 _aStudien über die naturwissenschaftlichen Kenntnisse der Talmudisten /
_cvon Joseph Bergel.
260 _aLeipzig :
_bverlag von Wilhelm Friedrich,
_c1880 (
_fHüthel & Hermann)
300 _a102 p. ;
_c24 cm.
650 4 _aTalmud-
_xCrítica e interpretación.
_9136898
650 7 _aCiencias naturales
_2embne
_910984
852 _aES-MaACL
_jT-682-F-6
_z-- Enc. hol. conservando la cub. original
_z-- Dedic. ms. de Cayo Ortega a la biblioteca del Ateneo
_z-- Enc. en un vol. facticio
999 _c151924
_d151924